| 000 | 00681nam a22002057a 4500 | ||
|---|---|---|---|
| 005 | 20150331164535.0 | ||
| 010 | _aBAC-CH25 | ||
| 020 |
_a9788180230837 _c240.00 |
||
| 035 | _aB-556579-615 | ||
| 035 | _aG-003367 | ||
| 037 |
_adpl _bUBH/Ven |
||
| 082 | _a485 | ||
| 100 | _aBhatia, H.S. | ||
| 245 |
_aTeach yourself English Grammar & Composition / _cby H.S.Bhatia |
||
| 260 |
_aNew Delhi _bThe Bookmaster DS Publishers _c2014 |
||
| 270 |
_a4325/3 Ansari Road Darya Ganj _bNew Delhi _e110002 |
||
| 300 |
_a274p.: _bill. _c24cm(pbk) |
||
| 942 |
_2ddc _cCH _mBHA _h485 |
||
| 999 |
_c86914 _d86914 |
||